Nasza dermatologia online
Medical dermatology journal publishing original scientific papers based on authorial research about skin diseases as well as review and opinion articles and case studies.
| Format: | Electronic Journal |
|---|---|
| Language: | English Polish |
| Published: |
Slupsk, Poland :
Our Dermatology Online
|
| Subjects: | |
| Online Access: | Full text available from Research Library: 07/01/2010 to present |
MARC
| LEADER | 00000nas a2200000 a 4500 | ||
|---|---|---|---|
| 001 | ssj0000684499 | ||
| 003 | WaSeSS | ||
| 005 | 20200512172242.0 | ||
| 006 | m d | ||
| 007 | cr n | ||
| 008 | 120227c20109999pl qr p s 0 0eng c | ||
| 010 | |a 2012263181 | ||
| 022 | |a 2081-9390 | ||
| 035 | |a (WaSeSS)ssj0000684499 | ||
| 037 | |b Our Dermatology Online, ul. Andersa 5/8, 76-200 Slupsk, Poland | ||
| 040 | |a CNCGM |b eng |c CNCGM |d TXA |d OCLCQ |d CUS |d OCLCF |d SELUL |d OCLCQ |d OCLCO |d AU@ |d OCLCQ |d OCLCO |d OCLCQ |d WaSeSS | ||
| 041 | 0 | |a eng |a pol | |
| 042 | |a pcc | ||
| 050 | 1 | 4 | |a RL1 |b .N39 |
| 245 | 0 | 0 | |a Nasza dermatologia online |h [electronic resource]. |
| 246 | 1 | 1 | |a Our dermatology online |
| 260 | |a Slupsk, Poland : |b Our Dermatology Online | ||
| 310 | |a Quarterly | ||
| 362 | 1 | |a Began with: 1(1) (2010). | |
| 506 | |a License restrictions may limit access. | ||
| 520 | |a Medical dermatology journal publishing original scientific papers based on authorial research about skin diseases as well as review and opinion articles and case studies. | ||
| 525 | |a Has supplements. | ||
| 546 | |a In English and Polish. | ||
| 588 | |a Description based on: 1(1) (2010); title from journal homepage (odermatol site, viewed Sept. 6, 2012). | ||
| 588 | |a Latest issue consulted: Vol. 4, no. 1 (Jan. 2013) (odermatol site, viewed Feb. 24, 2013). | ||
| 650 | 0 | |a Dermatology |v Periodicals. | |
| 650 | 7 | |a Dermatology. |2 fast |0 (OCoLC)fst00891059 | |
| 655 | 0 | |a Electronic journals. | |
| 856 | 4 | 0 | |z Full text available from Research Library: 07/01/2010 to present |u https://search.proquest.com/publication/2046136 |